000
00300nam a22001097a 4500
008
230623b xxu||||| |||| 00| 0 eng d
082
_a
330.967
_b
MUN 1976
245
_a
Africa and the International Economy 1800-1960
260
_a
London
_b
J. M. Dent & Sons Ltd
_c
1976
300
_a
230p
942
_2
ddc
_c
BK
999
_c
2545
_d
2545